Mefistofeles y el Androgino.
Uloženo v:
| Hlavní autor: | |
|---|---|
| Médium: | Kniha |
| Vydáno: |
Madrid, España:
Ediciones Guadarrama,
1969.
|
| Edice: | Colección Universitaria de Bolsillo. Punto Omega,
|
| Témata: | |
| Tagy: |
Přidat tag
Žádné tagy, Buďte první, kdo vytvoří štítek k tomuto záznamu!
|
MARC
| LEADER | 00000nam a22000007a 4500 | ||
|---|---|---|---|
| 003 | CL-VaPUC | ||
| 005 | 20220822114559.0 | ||
| 008 | 220708t1969 ||||| |||| 00| 0 eng d | ||
| 999 | |c 436861 |d 436859 | ||
| 040 | |c Pontificia Universidad Católica de Valparaíso | ||
| 082 | 0 | 4 | |a 291.13 ELI 1969 |b |2 21 |
| 100 | 0 | |a Eliade, Mircea |e autor |9 325547 | |
| 245 | 1 | 0 | |a Mefistofeles y el Androgino. |
| 260 | |a Madrid, España: |b Ediciones Guadarrama, |c 1969. | ||
| 300 | |a 275 páginas. | ||
| 490 | |a Colección Universitaria de Bolsillo. |a Punto Omega, |n 79. | ||
| 500 | |a c.1 Donación Familia Prof. Alejandro Guzmán Brito. | ||
| 583 | |a last modification |c 19940404 00:00:00 |k Cristina María Rojas Aguilar | ||
| 650 | |a Experiencia |x Religión |9 872512 | ||
| 650 | |a Escatología |9 314395 | ||
| 651 | |2 Simbolismo religioso | ||
| 942 | |c BK |2 ddc |n 0 | ||
| 952 | |0 0 |1 0 |2 ddc |4 0 |6 291_130000000000000_ELI_1969 |7 0 |8 C_AGB |9 584590 |a BIBDER |b BIBDER |d 2022-07-08 |e Donación |i 5652716 |o 291.13 ELI 1969 |p 5652716 |r 2023-01-25 |t 1 |w 2022-07-08 |y BK_US |k AGB | ||